Statistics for Members of the Holy League

Click here to take the quiz!

General Stats

  • This quiz has been taken 22 times
  • The average score is 9 of 15

Answer Stats

LeagueAnswer% Correct
Holy League 1511 - 1513Spain
100%
Holy League 1511 - 1513Venice
83%
Holy League 1511 - 1513Papal States
78%
Holy League 1717Portugal
78%
Holy League 1571Genoa
72%
Holy League 1684 - 1699Poland-Lithuania
67%
Holy League 1511 - 1513Holy Roman Empire
61%
Holy League 1684 - 1699Russia
61%
Holy League 1571Tuscany
61%
Holy League 1511 - 1513England
50%
Holy League 1717Malta
50%
Holy League 1571Rhodes(Knights of Malta)
50%
Holy League 1571Savoy
39%
Holy League 1571Parma
28%
Holy League 1571Urbino
22%

Score Distribution

Percentile by Number Answered

Percent of People with Each Score

Your Score History

You have not taken this quiz